AMRIT SANCHAY RABINDRA NATH TAGORE KI DUS SHRESTH KAHANIYO KA SANGREH (Record no. 12619)

MARC details
000 -LEADER
fixed length control field 00324nam a22001337a 4500
003 - CONTROL NUMBER IDENTIFIER
control field SGT
082 ## - DEWEY DECIMAL CLASSIFICATION NUMBER
Classification number 370
Item number SHA
100 ## - MAIN ENTRY--PERSONAL NAME
Personal name SHARMA, KANTA
245 ## - TITLE STATEMENT
Title AMRIT SANCHAY RABINDRA NATH TAGORE KI DUS SHRESTH KAHANIYO KA SANGREH
260 ## - PUBLICATION, DISTRIBUTION, ETC. (IMPRINT)
Place of publication, distribution, etc NEW DELHI
Name of publisher, distributor, etc SARASWATI HOUSE
300 ## - PAGE DESCRIPTION
No. of Pages 72
650 ## - SUBJECT ADDED ENTRY--TOPICAL TERM
Topical term or geographic name as entry element EDUCATION
942 ## - ADDED ENTRY ELEMENTS (KOHA)
Source of classification or shelving scheme Dewey Decimal Classification
Koha item type Books
Holdings
Withdrawn status Lost status Source of classification or shelving scheme Damaged status Not for loan Collection code Home library Current library Shelving location Date acquired Vendor Name Cost, normal purchase price SGTU Bill Number Total Checkouts Full call number Accession No. (Barcode) Date last seen Date last borrowed Bill Date Koha item type
    Dewey Decimal Classification     EDUCATION SGT Engineering Library SGT Engineering Library Text Book 21/07/2017 INDIAN PUB 72.00 SGTU 102 1 370 SHA ED3038 28/02/2019 04/02/2019 22/11/2016 Books
    Dewey Decimal Classification     EDUCATION SGT Engineering Library SGT Engineering Library Text Book 21/07/2017 INDIAN PUB 72.00 SGTU 102   370 SHA ED3039 21/07/2017   22/11/2016 Books